000
00358nam a2200157Ia 4500
100
_a
D'SOUSA/D'SOCHARLES S.
650
_a
PHILOPSOPHY
942
_c
BK
654
_a
HUMAN RELATIONS.
245
_a
DYNAMICS OF HUMAN RELATIONS.
260
_b
BETTER YOURSELF BOOK
_a
Bandra
_c
1983
082
_a
170/D'SO
300
_a
199
546
_a
ENGLISH
999
_c
19673
_d
19673